A new short textbook of chemical pathology (Record no. 4436)

000 -LEADER
fixed length control field 00723nam a2200253 a 4500
003 - CONTROL NUMBER IDENTIFIER
control field UkOxU
005 - DATE AND TIME OF LATEST TRANSACTION
control field 20220323102642.0
008 - FIXED-LENGTH DATA ELEMENTS--GENERAL INFORMATION
fixed length control field 900404s1989 enka 000 0 eng d
020 ## - INTERNATIONAL STANDARD BOOK NUMBER
International Standard Book Number 0340376864
040 ## - CATALOGING SOURCE
Transcribing agency ALUPE UNIVERSITY
050 #0 - LIBRARY OF CONGRESS CALL NUMBER
Classification number RB40
Item number .C44 1989
092 ## - LOCALLY ASSIGNED DEWEY CALL NUMBER (OCLC)
Classification number D0400566015
100 1# - MAIN ENTRY--PERSONAL NAME
Personal name Baron, D. N.
245 12 - TITLE STATEMENT
Title A new short textbook of chemical pathology
250 ## - EDITION STATEMENT
Edition statement 5th ed
260 ## - PUBLICATION, DISTRIBUTION, ETC.
Place of publication, distribution, etc. London :
Name of publisher, distributor, etc. Edward Arnold,
Date of publication, distribution, etc. 1989
300 ## - PHYSICAL DESCRIPTION
Extent vii, 280 p
650 #0 - SUBJECT ADDED ENTRY--TOPICAL TERM
Topical term or geographic name entry element Clinical chemistry
700 1# - ADDED ENTRY--PERSONAL NAME
Personal name Baron, D. N.
Fuller form of name (Denis Neville).
Title of a work Short textbook of chemical pathology.
700 1# - ADDED ENTRY--PERSONAL NAME
Personal name Lee, K. E.
700 1# - ADDED ENTRY--PERSONAL NAME
Personal name Whicher, J. T.
942 ## - ADDED ENTRY ELEMENTS (KOHA)
Source of classification or shelving scheme
Koha item type Book
Holdings
Withdrawn status Lost status Source of classification or shelving scheme Damaged status Not for loan Permanent Location Current Location Shelving location Date acquired Source of acquisition Total Checkouts Full call number Barcode Date last seen Price effective from Koha item type Public note
          AU LIBRARY AU LIBRARY Open Shelf 23.03.2022 DONATION FROM MOI UNIVERSITY   RB40 .C44 1989 28006513 23.03.2022 23.03.2022 Book SM

Powered by Koha